| 000 | 02296nam a22003617a 4500 | ||
|---|---|---|---|
| 001 | 103461 | ||
| 003 | KnowledgeUnlatched | ||
| 005 | 20210303104824.0 | ||
| 006 | m o d | ||
| 007 | cr u|||||||||| | ||
| 008 | 210129p20162017xxk o u00| u eng d | ||
| 035 | _a(OCoLC)1044544522 | ||
| 037 | _5BiblioBoard | ||
| 245 | 0 | 0 |
_aPrint, Publicity and Radicalism in the 1790s _bThe Laurel of Liberty / _cJon Mee. |
| 020 | _a9781107133617 | ||
| 029 | 1 | _ahttps://library.biblioboard.com/ext/api/media/e8bc3e90-9f82-42e5-ad23-c2ce5bef930c/assets/thumbnail.jpg | |
| 040 |
_aScCtBLL _cScCtBLL |
||
| 100 | 1 |
_aMee, Jon _eauthor. |
|
| 264 | 1 | _bCambridge University Press, | |
| 300 | _a1 online resource (293 p.) | ||
| 506 | 0 |
_aAccess copy available to the general public. _fUnrestricted _2star |
|
| 520 | _aJon Mee explores the popular democratic movement that emerged in the London of the 1790s in response to the French Revolution. Central to the movement's achievement was the creation of an idea of "the people" brought into being through print and publicity. Radical clubs rose and fell in the face of the hostile attentions of government. They were sustained by a faith in the press as a form of print magic, but confidence in the liberating potential of the printing press was interwoven with hard-headed deliberations over how best to animate and represent the people. Ideas of disinterested rational debate were thrown into the mix with coruscating satire, rousing songs, and republican toasts. Print personality became a vital interface between readers and print exploited by the cast of radicals returned to history in vivid detail by Print, Publicity, and Popular Radicalism. | ||
| 588 | 0 | _aDescription based on print version record. | |
| 590 | _aKnowledge Unlatched Round 2 | ||
| 650 | 7 |
_aHistory _2bisacsh |
|
| 650 | 0 | _aHistory | |
| 655 | 0 | _aElectronic books. | |
| 758 |
_iIs found in: _aKnowledge Unlatched _1https://openresearchlibrary.org/module/2774bc74-146a-484f-a7ba-ab1d6a09bbfb |
||
| 856 | 4 | 0 |
_uhttps://openresearchlibrary.org/content/e8bc3e90-9f82-42e5-ad23-c2ce5bef930c _zView this content on Open Research Library. _70 |
| 999 |
_c27785 _d27785 |
||